000 00922nam a22002777a 4500
005 20090131111723.0
008 980921s1998 ii a 000 0 eng
022 _a09929-5523
040 _aDLC
_cDLC
043 _aa-ii---
245 _aNuclear India
260 _aMumbai
_bPublic-Awareness Division, DAE
_c2008-
300 _av.
_bill. ;
_c24 cm.
310 _abio-monthly
520 _aContributed articles.
590 _aIn English.
650 _aNuclear weapons
_xGovernment policy
_zIndia.
650 _aNuclear energy
_xGovernment policy
_zIndia.
651 _aIndia
_xMilitary policy.
700 _aJasjit Singh.
710 _aInstitute for Defence Studies and Analyses.
906 _a7
_bibc
_corignew
_d2
_encip
_f19
_gy-gencatlg
942 _2ddc
_cSR
_s1
999 _c22708
_d22708